000 00260nam a2200109Ia 4500
008 220120s9999||||xx |||||||||||||| ||und||
082 _a003.78 KOV
100 _aKovic, Milan
_911430
245 0 _aOperating systems
260 _bNew Delhi
300 _a756p.
_b195
999 _c136357
_d136357